| 000 | 00950cam a2200301 i 4500 | ||
|---|---|---|---|
| 003 | EG-GICUC | ||
| 005 | 20260203120236.0 | ||
| 008 | 090817s2009 mnu fr 001 0 eng d | ||
| 020 | _a9780314191298 | ||
| 035 | _a15870554 | ||
| 040 |
_aDLC _cDLC _beng _dEG-GiCUC _erda |
||
| 082 | 0 | 4 |
_221 _a341 |
| 092 | 0 | 4 | _221 |
| 099 | _aLaw 11 2009 | ||
| 245 | 0 | 0 |
_aBasic documents supplement to International law : _bcases and materials / _cby Lori Fisler Damrosch ... [et al.]. |
| 250 | _a5th edition. | ||
| 264 |
_aSt. Paul, Minn. : _bThomson/West, _c2009. |
||
| 300 |
_alxx, 1570 pages ; _c26 cm. |
||
| 336 |
_atext _2rdacontent |
||
| 337 |
_aComputer _2rdamedia |
||
| 338 |
_aOnline Resource _2rdacarrier |
||
| 490 | 0 | _aAmerican casebook series | |
| 650 | 0 |
_aInternational law _vCases. |
|
| 700 | 1 |
_aDamrosch, Lori F. _q(Lori Fisler) |
|
| 856 | 4 | 0 | _uhttps://fll.law.cu.edu.eg/fulltext/bks/ENGB11-00118.pdf |
| 905 | _a10 | ||
| 942 |
_2ddc _cBK _e21 _n0 |
||
| 999 |
_c60492 _d60492 |
||